000 00712nam a2200289Ia 4500
005 20260324131956.0
008 008 260324s9999 xx 000 0 eng d
020 _a9781315831121
037 _aEBOOK
040 _aCRL
040 _beng
040 _cCRL
041 _2eng
041 _aeng
084 _qCRL
100 _aGeorgina Donovan
_91187556
245 0 _aTeaching 14-19
245 0 _bEverything you need to know....about learning and teaching across the phases
260 _bTaylor and Francis
260 _c2005
365 _a
365 _b230
856 _uhttp://www.taylorfrancis.com/books/9781315831121
942 _cEBOOK
999 _c1785193
_d1785193